[Event "Oakham YM"]
[Site "Oakham"]
[Date "1992.??.??"]
[Round "5"]
[White "Kramnik, Vladimir"]
[Black "Moutousis, Konstantinos"]
[Result "1-0"]
[WhiteElo "2590"]
[BlackElo "2405"]
[Annotator "Ftacnik,L"]
[PlyCount "61"]
[EventDate "1992.03.??"]
[EventType "swiss"]
[EventRounds "9"]
[EventCountry "ENG"]
[SourceTitle "CBM 030"]
[Source "ChessBase"]
[SourceDate "1992.10.01"]
[SourceVersion "1"]
[SourceVersionDate "1992.10.01"]
[SourceQuality "1"]

1. d4 Nf6 2. c4 g6 3. Nc3 d5 4. cxd5 Nxd5 5. e4 Nxc3 6. bxc3 Bg7 7. Bb5+ c6 (
7... Nd7 8. Nf3 O-O 9. O-O c5 10. Bg5 h6 (10... a6 11. Bd3 b6 12. Qd2 Bb7 13.
Rab1 Rc8 14. Rfe1 Re8 15. h4 $14 {Hoffman,F-Fette,M/Groningen op/1991/}) 11.
Bf4 Nf6 12. Bd3 cxd4 13. cxd4 Bg4 14. Be5 Qa5 15. h3 Bd7 16. Qb3 b5 17. Rac1
$14 {Lazarev,V-Fogarasi,T/Gyor HUN-ch op/1990/}) 8. Ba4 O-O (8... b5 9. Bc2 $6
(9. Bb3 $5 b4 10. Ne2 bxc3 11. Be3 Ba6 (11... O-O 12. Rc1 Nd7 13. e5 c5 14. e6
fxe6 15. O-O Ba6 16. Bxe6+ Kh8 17. d5 Ne5 18. Rxc3 Bxe2 19. Qxe2 Nf3+ 20. gxf3
Bxc3 21. Bxc5 Qc7 22. Qe3 Bf6 23. Rc1 $36 {Kiselev,S-Krasenkov,M/MOscow ZSKS/
1992/}) 12. Rc1 Nd7 (12... O-O 13. Rxc3 Qa5 14. Qd2 Rd8 15. Rc2 Qxd2+ 16. Kxd2
$1 Nd7 17. Rxc6 Bb7 18. Rc7 Bxe4 19. f3 Bf5 {Dautov,R-Ftacnik,L/Muenchen op/
1990/} 20. Nf4 $1 $16) (12... Qa5 13. Nxc3 Nd7 14. Qd2 O-O 15. Ne2 Qxd2+ 16.
Kxd2 $14 {Schlosser,P-Zakic,S/Budapest Cansys/1991/}) 13. e5 Nb6 14. Nxc3 O-O
15. Ne4 Nd5 16. Nc5 Nxe3 17. fxe3 $14 {Gleizerov-Jasnikowski/Pardubice op/1992/
}) 9... b4 10. Bb2 bxc3 11. Bxc3 c5 $1 (11... O-O 12. Ne2 Ba6 13. Bd3 Bxd3 14.
Qxd3 e5 15. Rd1 exd4 16. Bxd4 Qa5+ 17. Qc3 Qxc3+ 18. Nxc3 $14 {Bukhman,
E-Luecke,N/Budapest/1989/}) 12. Ne2 cxd4 13. Ba4+ Bd7 14. Bxd7+ Nxd7 15. Bxd4
Qa5+ 16. Qd2 Qxd2+ 17. Kxd2 O-O $10 {Ftacnik,L-Krasenkov,M/Wien/1990/}) 9. Ne2
c5 (9... e5 10. O-O Nd7 (10... Qh4 11. f3 $1 (11. f4 exd4 12. cxd4 Bg4 13. Be3
Qh5 14. Rf2 c5 15. e5 cxd4 16. Bxd4 Rd8 17. h3 Bxe2 18. Rxe2 Rxd4 19. Qxd4 Qxe2
20. Qd8+ Bf8 21. Bb3 Qe3+ 22. Kh1 Qxf4 23. Qc8 a5 24. Qxb7 Ra6 25. Qxb8 Rc6 {
0,5/Savchenko,S-Odeev,H/URS/1991/}) (11. Ng3 exd4 12. cxd4 c5 13. e5 Rd8 14. f4
Rxd4 15. Qc2 Be6 16. Be3 Rc4 17. Qd1 Bxe5 18. fxe5 Rxa4 19. Nh5 Nc6 $13 {
Glek,I-Isoev,A/URS chT Azov/1991/}) 11... Rd8 12. Be3 h6 $6 (12... Be6 13. Bb3
$14) 13. Qc1 Kh7 14. Bb3 exd4 15. cxd4 Qe7 16. Rb1 $1 $16 {Rajskij-Odeev/
Romania/1991/}) 11. Ba3 Re8 12. Bb3 Nb6 13. f4 exd4 14. f5 gxf5 15. Ng3 Qh4 (
15... dxc3 $6 16. Qh5 Nc4 17. Rad1 Qb6+ 18. Kh1 Qb5 19. Nxf5 Bxf5 20. Rxf5 Ne5
21. Bxf7+ Nxf7 22. Qxf7+ {1-0/Shirov,A-Smejkal,J/BL/1991-92/}) 16. cxd4 f4 17.
Nh5 Bg4 18. Bxf7+ Kh8 19. Nxg7 Bxd1 20. Nxe8 Bh5 21. Nd6 Bxf7 22. Nxf7+ Kg8 23.
Nd6 Qf6 24. Rad1 $44 {0,5/Pribyl,J-Smejkal,J/Pardubice op/1992/}) 10. O-O Nc6 (
10... Bd7 11. Rb1 cxd4 12. cxd4 b6 13. Be3 Nc6 14. Bb5 Na5 15. Ba6 Bc8 16. Bd3
Bb7 17. d5 Rc8 18. Qa4 e6 19. Rfd1 exd5 20. Bb5 $14 {Boissonet,C-Amura,C/
Buenos Aires/1991/}) 11. Be3 Qc7 (11... Na5 12. Rb1 cxd4 13. cxd4 b6 14. d5 e6
15. Bd2 $1 Ba6 (15... exd5 16. Bxa5 bxa5 17. Bc6 Ba6 18. Bxa8 Qxa8 19. exd5 Rd8
20. Re1 Rxd5 21. Qb3 $16) 16. Bb4 exd5 17. exd5 Bc4 18. Bxf8 Bxf8 19. Rb2 Qxd5
20. Qxd5 Bxd5 21. Rd1 Bc4 22. Nc1 $1 $16 {Dautov,R-Labunsky/URS/1989/}) 12. Rc1
e6 (12... Rd8 13. Qc2 a6 14. Bxc6 bxc6 15. dxc5 Be6 16. Qa4 Rdb8 17. Rb1 Rb5
18. Nd4 Bxd4 19. cxd4 Rab8 $14 {Bern,I-Swidler,P/Gausdal Arnold Cup/1991/}) 13.
Bf4 Qe7 14. Qd2 (14. dxc5 e5 15. Be3 Rd8 16. Qc2 Be6 $44) 14... Bd7 15. dxc5 $1
e5 16. Bg5 f6 17. Be3 Be6 18. Bb3 Rad8 (18... Bxb3 19. axb3 Rad8 20. Qa2 $16)
19. Bd5 $1 Kh8 (19... f5 20. Bg5 Bf6 21. Bxf6 Qxf6 22. c4 fxe4 23. Nc3 $16) 20.
c4 f5 21. exf5 gxf5 22. f4 $1 Rg8 (22... e4 23. Nc3 $16) 23. fxe5 Nxe5 24. Nf4
Bf7 (24... Bxd5 25. cxd5 $18) 25. h3 Qf6 (25... Nxc4 26. Rxc4 Bxd5 27. Nxd5 Qf7
28. Rd4 $1 Bxd4 29. Bxd4+ $18) 26. Kh1 Rd7 27. Qe2 Re8 28. Nh5 Bxh5 29. Qxh5
Ng6 (29... Rf8 30. Bd4 $18) 30. Bg5 Qe5 31. c6 {Ftacnik,L} 1-0

[Event "Dortmund op-A"]
[Site "Dortmund"]
[Date "1992.??.??"]
[Round "6"]
[White "Kramnik, Vladimir"]
[Black "Knaak, Rainer"]
[Result "1-0"]
[WhiteElo "2590"]
[BlackElo "2505"]
[Annotator "Anand,V"]
[PlyCount "63"]
[EventDate "1992.04.??"]
[EventType "swiss"]
[EventRounds "11"]
[EventCountry "GER"]
[SourceTitle "CBM 029"]
[Source "ChessBase"]
[SourceDate "1992.08.01"]
[SourceVersion "1"]
[SourceVersionDate "1992.08.01"]
[SourceQuality "1"]

1. Nf3 {Knaak} Nf6 2. d4 g6 3. c4 d6 4. Nc3 Nbd7 5. e4 e5 6. Be2 Bg7 7. O-O O-O
8. Be3 c6 9. d5 c5 10. Ne1 Ne8 11. g4 $1 f5 (11... Qh4 12. Kh1 Kh8 13. Rg1 Qe7
14. a3 {Gelfand-Ivanchuk}) 12. exf5 gxf5 13. gxf5 Nb6 14. Nf3 (14. Kh1 Bxf5 15.
Rg1 Nf6 (15... e4 {Knaak} 16. Ng2 Bxc3 17. bxc3 Kh8 $13) 16. Nf3 Ng4 17. Ng5
Nxe3 18. fxe3 $16 {Gelfand-Romero Wijk aan Zee1992}) 14... Bxf5 15. Ng5 {
The same plan as the earlier games of Gelfand- the g-file and the e4 square
are used for attack} Qe7 16. Kh1 Nf6 17. Rg1 Kh8 (17... e4 $5 {Knaak}) 18. Qd2
(18. Rg3 $5 {Knaak /\ Qg1-Qg2-Rg1}) 18... Bg6 19. Raf1 Nh5 20. Ne6 Rf7 21. b3
$1 Nd7 (21... Nf4 $8 {Knaak}) 22. Bd3 $18 {Black is completely helpless} Nf8
23. Ng5 Bxd3 (23... Rf6 {Knaak} 24. Nce4 Rf5 $16) 24. Qxd3 Rf6 25. Qe2 Nf4 26.
Bxf4 Rxf4 27. Qh5 h6 28. Qh3 Re8 29. Rg3 Kg8 30. Nge4 Kh7 31. Rfg1 Bf6 32. Ne2
(32. Ne2 Rxe4 33. Qf5+ Kh8 34. Rg8#) 1-0

[Event "Dortmund op-A"]
[Site "Dortmund"]
[Date "1992.??.??"]
[Round "7"]
[White "Kramnik, Vladimir"]
[Black "Lputian, Smbat G"]
[Result "1-0"]
[WhiteElo "2590"]
[BlackElo "2560"]
[Annotator "Ftacnik,L"]
[PlyCount "55"]
[EventDate "1992.04.??"]
[EventType "swiss"]
[EventRounds "11"]
[EventCountry "GER"]
[SourceTitle "CBM 029"]
[Source "ChessBase"]
[SourceDate "1992.08.01"]
[SourceVersion "1"]
[SourceVersionDate "1992.08.01"]
[SourceQuality "1"]

1. d4 {Kortschnoj Ernst Anand Dautov} Nf6 2. c4 g6 3. Nc3 d5 4. cxd5 Nxd5 5. e4
Nxc3 6. bxc3 Bg7 7. Bb5+ Bd7 (7... c6 {Anand} 8. Ba4 b5 9. Bb3 b4) 8. Be2 c5 9.
Nf3 cxd4 10. cxd4 Qa5+ (10... Bc6 $1 {Dautov} 11. Qd3 f5 (11... Nd7 $5 {Ernst}
12. Rb1 f5 13. Qb3 $1 Qb6 $8 14. exf5 Qxb3 15. Rxb3 gxf5 16. Ng5 $1 $14 {
F.Levin - T.Ernst, Groningen 1991.}) 12. exf5 Qa5+ 13. Bd2 Qxf5 14. Qxf5 gxf5
15. Rc1 Bd5 16. Rc5 (16. Bc4 Bxf3 17. gxf3 Nc6 18. d5 Nd4 19. Be3 Rc8 20. O-O
Kd7 21. f4 b5 22. Bd3 Kd6 $10 {Aseev,K-Mikhalchishin,A Brno-2 1991}) 16... e6
17. Bc4 Bxc4 18. Rxc4 Nc6 19. O-O O-O 20. Rb1 Rf7 21. Re1 Rd7 22. Rxe6 Nxd4 23.
Nxd4 Bxd4 24. Bf4 Kf7 $10 {Dautov,R-Luecke,N Garmisch-Partenkirchen 1991}) 11.
Bd2 Qa4 12. O-O (12. Qxa4 $5 {Dautov} Bxa4 13. O-O Nc6 14. Be3 O-O 15. Rfc1
Rfd8 16. e5 Rd7 17. Rab1 Nd8 18. Ne1 Bc6 19. Nd3 Be4 20. Rb3 Ne6 21. Nc5 Nxd4
$2 (21... Nxc5 22. Rxc5 $14) 22. Rb2 Nxe2+ 23. Rxe2 Bc6 24. Nxd7 Bxd7 25. Rc7
Bc6 26. Rxe7 $18 {Alburt,L-Stone,R New York op 1988}) 12... O-O 13. Qxa4 Bxa4
14. Rab1 $1 (14. Rfc1 e6 15. Rab1 {0,5/Kramnik,V-Groszpeter,A/Dortmund op-A/
1992/} (15. Rab1 {Dautov} b6 {1/4:1/4 Kramnik,W-Groszpeter Dortmund op-A 1992}
(15... Bc6 $10 {Anand}))) 14... e6 (14... b6 15. Rfc1 $22 (15. d5 {Dautov} Nd7
16. Rb4 (16. Rfc1 Rfc8 $10) (16. Bb4 Rfc8 $1 $132 (16... Rfe8 17. Rfc1 a5 18.
Bc3 $16) (16... Bc2 17. Rbc1 Bxe4 18. Bxe7 Rfe8 19. d6 Bf6 20. Rfd1 Bxe7 21.
dxe7 Rxe7 22. Rc7 Rd8 (22... Bf5 23. Bb5 $16) 23. Rxa7 $16) 17. Bxe7 Rc2 18.
Ba6 Rxa2 $13) 16... Nc5 17. e5 (17. Rc1 a5 18. Rxb6 Nxe4 $10) (17. Be3 a5 18.
Rxb6 (18. Bxc5 $2 axb4 19. Bxe7 Rfe8 20. d6 Bf8 21. Bxf8 Kxf8 $17) 18... Nxe4
$10) 17... Rfd8 (17... Bc2 18. Ne1 Be4 19. Bf3 Bxf3 20. Nxf3 $14) 18. Bc4 Rab8
{/\a5,b5} (18... Bc2 19. Nd4 $16) 19. Be3 $1 $14) (15. Rb4 Bc6 16. d5 Bb7 17.
Rc1 Na6 $10) 15... Nc6 16. Rc4 $18 (16. d5 {Ernst} Ne5 17. Rc7 $14)) 15. Rxb7
$1 Bc6 16. Rc7 Bxe4 17. Ng5 Bd5 18. Bb4 Rd8 (18... Re8 19. Bb5 Rd8 20. Be7 $18)
(18... Nc6 {Dautov} 19. Bxf8 Rxf8 20. Bf3 $18) 19. Bb5 $1 (19. Be7 Re8 20. Bb5
Bc6 $1) (19. Nxf7 $6 Rd7 20. Rxd7 Nxd7 21. Ng5 (21. Ne5 {Anand} Nxe5 22. dxe5
Bxa2) 21... Bxd4 $10) 19... a6 20. Ba4 (20. Be7 $2 axb5 21. Bxd8 Nc6 22. Be7
Nxe7 23. Rxe7 Bf6 $19) 20... a5 (20... Bf8 21. Nxf7 Bxb4 22. Nxd8 $18) 21. Be7
Na6 22. Bxd8 Rxd8 23. Ra7 Bc4 (23... Nb4 24. Nxf7 Rf8 25. Ne5 $18) 24. Nxf7
Bxd4 (24... Rf8 25. Rc1 Bxd4 26. Rd7 $18) (24... Rxd4 {Dautov} 25. Rd1 Rxd1+
26. Bxd1 Bd4 27. Nh6+ $18) 25. Nxd8 Bxa7 26. Rc1 Bxa2 27. Rc8 Bb6 (27... Kg7
28. Ra8 Bb6 29. Nxe6+ Bxe6 30. Rxa6 $18) 28. Nb7+ {Ftacnik,L} (28. Nb7+ Kg7 29.
Rc6 $18) 1-0

[Event "Dortmund op-A"]
[Site "Dortmund"]
[Date "1992.??.??"]
[Round "10"]
[White "Ftacnik, Lubomir"]
[Black "Kramnik, Vladimir"]
[Result "0-1"]
[WhiteElo "2550"]
[BlackElo "2590"]
[Annotator "Anand,V"]
[PlyCount "86"]
[EventDate "1992.04.??"]
[EventType "swiss"]
[EventRounds "11"]
[EventCountry "GER"]
[SourceTitle "CBM 029"]
[Source "ChessBase"]
[SourceDate "1992.08.01"]
[SourceVersion "1"]
[SourceVersionDate "1992.08.01"]
[SourceQuality "1"]

1. d4 d5 2. c4 c6 3. Nc3 Nf6 4. e3 e6 5. Nf3 Nbd7 6. Bd3 dxc4 7. Bxc4 b5 8. Bd3
Bb7 9. O-O a6 10. a4 {Not an impressiv idea.} b4 11. Ne4 c5 $10 12. Nxf6+ Nxf6
13. Qe2 cxd4 14. Nxd4 Bd6 15. Nf3 Ne4 $1 (15... Qc7 16. e4 Ng4 17. h3 Ne5 18.
Nxe5 Bxe5 19. Be3 $14) 16. Nd2 Nc5 $1 (16... Nxd2 $10 17. Bxd2 Qh4 18. g3 Qh3
19. e4) 17. Bc2 Qc7 18. f4 Be7 (18... g5 $5 19. Nc4 gxf4 20. Nxd6+ Qxd6 21.
exf4 Rg8 22. Rf2 $13) 19. e4 (19. Nc4 Ne4) 19... O-O 20. Nb3 (20. e5 $2 Rfd8
$15 {/^a8-h1}) 20... Rac8 $1 $17 21. Be3 (21. Kh1 Nxa4) (21. Nd2 b3 22. Bb1
Rfd8 $17) 21... Bxe4 (21... Nxe4 22. Rac1) 22. Bxe4 (22. Nxc5 Bxc2 23. Qxc2
Bxc5 24. Bxc5 Qxc5+ 25. Qxc5 Rxc5 26. Rac1 Rfc8 27. Rxc5 Rxc5 28. Rd1 g6 $17)
22... Nxe4 23. Qxa6 Qc2 24. Nd4 Qxb2 25. Qb7 Nf6 26. Nc6 (26. Qxe7 Nd5 $19)
26... Bd6 27. Bd4 Qb3 28. Ne7+ (28. Bxf6 gxf6 29. Rad1 Bc5+ 30. Kh1 Qxa4 31.
Ne7+ Bxe7 32. Qxe7 Kg7 33. Rd3 Rc3) 28... Bxe7 29. Qxe7 Nd5 30. Qd6 Nc3 31. Qe5
f6 32. Qe3 Qc4 33. Rfe1 Rc6 34. a5 Ra8 35. h3 Nd5 36. Qd2 Qb5 $19 37. Kh2 Rxa5
38. Rxa5 Qxa5 39. Ra1 Qd8 40. Ra7 Qb8 41. g3 b3 42. Kg1 Rc2 43. Qa5 Ra2 0-1

[Event "Olympiad-30"]
[Site "Manila"]
[Date "1992.06.15"]
[Round "7.3"]
[White "Seirawan, Yasser"]
[Black "Kramnik, Vladimir"]
[Result "0-1"]
[WhiteElo "2600"]
[BlackElo "2590"]
[Annotator "Ernst,T"]
[PlyCount "122"]
[EventDate "1992.06.08"]
[EventType "team-swiss"]
[EventRounds "14"]
[EventCountry "PHI"]
[SourceTitle "CBM 030"]
[Source "ChessBase"]
[SourceDate "1992.10.01"]
[SourceVersion "1"]
[SourceVersionDate "1992.10.01"]
[SourceQuality "1"]
[WhiteTeam "US of America"]
[BlackTeam "Russia"]
[WhiteTeamCountry "USA"]
[BlackTeamCountry "RUS"]

1. d4 d5 2. c4 e6 3. Nc3 c6 4. e3 Nf6 5. Nf3 Nbd7 6. Bd3 dxc4 7. Bxc4 b5 8. Be2
a6 $1 (8... b4 9. Na4 Bb7 10. O-O Be7 11. Qc2 O-O 12. Rd1 c5 13. Nxc5 Nxc5 14.
dxc5 Qa5 15. a3 Qxc5 (15... bxa3 16. b4 $1) 16. Qxc5 Bxc5 17. axb4 Bxb4 18. Bd2
a5 19. Ne5 $16 {Polugaevsky,L-Speelman,J/Roquebrune/1-0/42/ EXP 29}) 9. e4 b4
10. e5 bxc3 11. exf6 Nxf6 $1 $146 12. bxc3 Bd6 13. O-O O-O 14. c4 $6 (14. Bg5
$5 c5) 14... c5 $1 15. Ba3 Qa5 $1 (15... cxd4 16. Bxd6 Qxd6 17. Qxd4 {><c5})
16. Bxc5 Bxc5 17. dxc5 Rd8 18. Qb3 Qxc5 $15 19. Rab1 Bd7 20. Qe3 $2 (20. Qb6 $1
) 20... Qxe3 21. fxe3 Ne4 22. Rfc1 Nc5 23. Nd4 Ba4 $1 24. Bd1 (24. Nb3 Bxb3 25.
axb3 a5 26. b4 axb4 27. Rxb4 g6 $17) 24... Bxd1 25. Rxd1 Rac8 26. Nb3 Rxd1+ 27.
Rxd1 Kf8 28. Rd6 (28. Nxc5 Rxc5 $19) 28... Ne4 29. Rxa6 Rxc4 30. Kf1 Rc2 31.
Ra8+ $6 (31. Ra4 $1) 31... Ke7 32. Ra7+ $6 Kf6 33. Ra4 Nd6 34. Nd4 Rc3 35. Kf2
Nc4 36. e4 $6 g5 $1 37. h3 h5 38. Rb4 Ne5 39. Rb1 (39. Rb3 Rc4 40. Ke3 Ra4 41.
Nf3 Nc4+ 42. Kd3 g4 $19) 39... Ra3 40. Ra1 Nd3+ 41. Ke2 Nc5 42. Nb5 Ra4 43. Nd6
Nxe4 $6 44. Nxe4+ Rxe4+ 45. Kd3 Ra4 46. Kc3 Ke5 47. Kb3 Ra7 (47... Ra8 $1) 48.
a4 Kf4 49. Kc4 f5 50. Ra3 e5 51. a5 h4 $1 (51... e4 52. g3+ $1) 52. a6 e4 53.
Kd4 (53. Ra2 $1 g4 54. hxg4 fxg4 55. Kb5 $1 Kg3 56. Kb6 Ra8 57. Kb7 Rh8 58. a7
e3 59. a8=Q Rxa8 60. Kxa8 Kh2 61. Kb7 g3 62. Kc6 h3 63. gxh3+ g2 64. Kd5 Kg3
65. Ra1 Kf2 $19) 53... e3 54. Kd3 (54. Ra2 e2 55. Rxe2 Rxa6 56. Rf2+ Kg3 57.
Rxf5 Rg6 $19) 54... Kg3 55. Kxe3 (55. Ra2 f4 $1) 55... Kxg2 56. Ra2+ (56. Ra5
g4 $1) 56... Kxh3 57. Kf3 g4+ 58. Kf2 g3+ 59. Kf3 f4 60. Ra1 g2 61. Kf2 Kh2 0-1

[Event "Olympiad-30"]
[Site "Manila"]
[Date "1992.06.24"]
[Round "14.4"]
[White "Kramnik, Vladimir"]
[Black "Nunn, John DM"]
[Result "1-0"]
[WhiteElo "2590"]
[BlackElo "2615"]
[Annotator "Chandler,M"]
[PlyCount "65"]
[EventDate "1992.06.08"]
[EventType "team-swiss"]
[EventRounds "14"]
[EventCountry "PHI"]
[SourceTitle "CBM 030"]
[Source "ChessBase"]
[SourceDate "1992.10.01"]
[SourceVersion "1"]
[SourceVersionDate "1992.10.01"]
[SourceQuality "1"]
[WhiteTeam "Russia"]
[BlackTeam "England"]
[WhiteTeamCountry "RUS"]
[BlackTeamCountry "ENG"]

1. d4 Nf6 2. c4 g6 3. Nc3 Bg7 4. e4 d6 5. f3 O-O 6. Be3 c5 $5 {Nunn's choice
of defence involves Black giving up a pawn for unclear counterplay after the
queens come off.} 7. dxc5 dxc5 8. Qxd8 Rxd8 9. Bxc5 Nc6 10. Ba3 (10. Nd5 Nd7
11. Ba3 (11. Bxe7 Nxe7 12. Nxe7+ Kf8 13. Nd5 (13. Nxc8 $6 Bxb2 $1) 13... Bxb2
14. Rb1 Bg7 15. Ne2 $5 (15. h4 Nc5 16. h5 g5 $44 {Vogt,L}) 15... Nc5 16. Nc1 (
16. Nec3 Be6 17. Be2 Bxc3+ 18. Nxc3 Nd3+ $10) 16... Be6 17. Nd3 Rac8 $1 $44 {
Gheorghiu,F-Gelfand,B/Palma GMA-op/1989/0-1/36/}) (11. Nxe7+ Nxe7 12. Bxe7 Bxb2
$10 {Gunawan,Ro-Khalifman,A/Minsk/1986/}) 11... e6 12. Nc7 Rb8 13. O-O-O a6 14.
f4 Bf8 15. Bxf8 Kxf8 16. Nf3 Nc5 17. Rxd8+ Nxd8 $13) (10. Nge2) (10. Rd1) 10...
a5 (10... b6 11. Be2 (11. Nge2) (11. Rd1) 11... Nd7 12. O-O-O Bxc3 13. bxc3 Ba6
14. c5 Bxe2 15. Nxe2 bxc5 16. Nf4 Nce5 $10) 11. Rd1 (11. Nd5 $6 Nxd5 12. cxd5
Nb4 13. O-O-O e6 $1 14. Bc4 exd5 15. Bxb4 (15. exd5 $2 Bh6+ $1 16. Kb1 Bf5+ $19
) 15... axb4 16. Rxd5 (16. Bxd5 Rxd5 17. Rxd5 (17. exd5 Rxa2 $17) 17... Be6 18.
Rd6 Bh6+ 19. Kc2 Rc8+ 20. Kd3 Bc4+ 21. Kd4 Bf1 $17) 16... Be6 17. Rxd8+ Rxd8
18. Bd5 (18. Bxe6 $2 Bh6+ 19. Kc2 Rd2+ $17) 18... Bh6+ 19. f4 Bxf4+ 20. Kb1
Bxd5 21. exd5 Rxd5 22. Nf3 g5 23. h3 h5 24. Re1 Kg7 $17 {Beliavsky,A-Nunn,J/
Amsterdam/1990/}) (11. Bc5 Nd7 12. Be3 a4 13. O-O-O a3 14. Nge2 axb2+ 15. Kxb2
b6 16. Kb1 Ba6 17. Nd4 Na5 $13) 11... Be6 12. Nd5 Bxd5 13. cxd5 Nb4 14. Bb5 (
14. Bd3 Nxd3+ 15. Rxd3 e6 16. Ne2 exd5 17. e5 Ne8 18. f4 b5 $1 19. Bc5 f6 20.
Be7 Rd7 21. exf6 Nxf6 22. Bxf6 Bxf6 $15) 14... Nc2+ 15. Kf2 $5 (15. Ke2 Nxa3
16. bxa3 Rac8 17. Nh3 Rc2+ 18. Rd2 Rxd2+ 19. Kxd2 e6 20. Ke2 exd5 21. Rd1 Bf8
22. a4 Bd6 $10 {Andrianov-Glek,I/URS/1987/}) 15... Nxa3 16. bxa3 e6 (16... Rac8
{! Knaak (CBM23-VC)} 17. Ne2 Rc2 18. Rc1 Rxa2 19. Rc7 Bf8 20. a4 $13) 17. d6 $1
(17. Ne2 $5) 17... e5 18. Ne2 Bf8 19. d7 Bxa3 20. g4 $1 $146 {!? Knaak 
(CBM23_VC)} (20. Rd3 Bc5+ {+/=/= Van der Sterren,J-Shirov,A/Kerteminde/1991/1/
2-1/2/40/ -> CBM23 [Knaak]}) 20... h6 21. h4 a4 22. Rd3 Bb2 $1 23. g5 hxg5 24.
hxg5 Nh7 25. f4 $1 Ra5 $2 (25... exf4 {Necessary} 26. Rd5 $1 Nf8 27. Nxf4 Kg7 {
The passed pawn on d7 is still a throat in Black's throat, but White must
still improve the position of his pieces to exploit it.}) 26. Rd5 f6 27. Rxh7
$1 {Obtaining three very big connected passed pawns. Kramnik played all of his
games with this decisivness and energy in Manila.} Kxh7 28. gxf6 exf4 29. e5
Kh6 30. Nxf4 Bxe5 31. Rxe5 Rxd7 32. Bxd7 Rxe5 33. f7 1-0

[Event "Chalkidiki"]
[Site "Chalkidiki"]
[Date "1992.??.??"]
[Round "2"]
[White "Sokolov, Ivan"]
[Black "Kramnik, Vladimir"]
[Result "0-1"]
[WhiteElo "2625"]
[BlackElo "2625"]
[Annotator "Ftacnik,L"]
[PlyCount "62"]
[EventDate "1992.09.??"]
[EventType "tourn"]
[EventRounds "11"]
[EventCountry "GRE"]
[EventCategory "14"]
[SourceTitle "CBM 032"]
[Source "ChessBase"]
[SourceDate "1993.02.01"]
[SourceVersion "1"]
[SourceVersionDate "1993.02.01"]
[SourceQuality "1"]

1. d4 d5 2. c4 dxc4 3. Nf3 Nf6 4. Nc3 a6 5. a4 $6 Nc6 $1 6. Bg5 $6 $146 (6. e4
Bg4 7. d5 Ne5 8. Be2 Bxf3 9. gxf3 e6 10. Qd4 Nfd7 $1 11. Be3 Bc5 12. Qd2 exd5
13. f4 Nd3+ 14. Bxd3 cxd3 15. Nxd5 c6 16. Nc3 Bxe3 17. Qxe3 Qe7 18. Qxd3 Nc5
19. Qe3 O-O-O $1 $17 {Ho-Adianto/Manila ol/1992/}) 6... h6 7. Bxf6 (7. Bh4 g5
8. Bg3 g4 9. Ne5 Qxd4 10. Nxc6 Qxd1+ 11. Rxd1 bxc6 12. Bxc7 Be6 $17) 7... exf6
8. e3 Na5 9. Be2 Be7 10. O-O O-O 11. Qc2 c6 12. Rad1 Qc7 (12... b5 13. d5 $1) (
12... Be6 $5 13. e4 Bg4) 13. d5 Rb8 $1 (13... c5 14. Nd2 $1 $10) 14. dxc6 (14.
Nd4 c5 15. Nf5 Bxf5 16. Qxf5 Bd6 17. g3 b5 $17) 14... bxc6 15. Rb1 Rd8 16. Na2
c5 $1 17. Nd2 (17. Bxc4 $2 Nxc4 18. Qxc4 Be6 $19) 17... Qe5 $1 (17... Bf5 18.
Qxf5 Rxd2 19. Bf3 Rdxb2 20. Rxb2 Rxb2 21. Nc3 $17) 18. e4 (18. Nxc4 Bf5 $1 $19)
18... f5 19. Nxc4 (19. Nc3 fxe4 $17) 19... Nxc4 20. Bxc4 fxe4 21. Nc3 Bf5 22.
Rbe1 Rd4 23. b3 (23. Bxa6 $17) 23... Rbd8 24. Re2 Bg5 25. f4 Bxf4 26. g3 Bg5
27. Bxf7+ Kh8 (27... Kxf7 28. g4 $132) 28. Nb1 Bh3 29. Rfe1 Rf8 30. Bh5 (30.
Bc4 Qf5 31. Rf2 Be3 $1 32. Rxe3 Rd1+ $19) 30... e3 31. Na3 Qf6 0-1

[Event "Chalkidiki"]
[Site "Chalkidiki"]
[Date "1992.??.??"]
[Round "3"]
[White "Kramnik, Vladimir"]
[Black "Stohl, Igor"]
[Result "1/2-1/2"]
[WhiteElo "2625"]
[BlackElo "2560"]
[Annotator "Stohl,I"]
[PlyCount "56"]
[EventDate "1992.09.??"]
[EventType "tourn"]
[EventRounds "11"]
[EventCountry "GRE"]
[EventCategory "14"]
[SourceTitle "CBM 032"]
[Source "ChessBase"]
[SourceDate "1993.02.01"]
[SourceVersion "1"]
[SourceVersionDate "1993.02.01"]
[SourceQuality "1"]

1. d4 Nf6 2. c4 g6 3. Nc3 d5 4. cxd5 Nxd5 5. e4 Nxc3 6. bxc3 Bg7 7. Bb5+ c6 8.
Ba4 O-O 9. Ne2 e5 (9... c5 10. O-O Nc6 11. Be3 Qc7 12. Rc1 e6 13. Bf4 Qe7 14.
Qd2 Bd7 15. dxc5 e5 16. Bg5 f6 17. Be3 Be6 18. Bb3 Rad8 19. Bd5 $16 {Kramnik,
V-Moutousis,K,Oakham 1992-CBM 30}) 10. O-O Qe7 $5 {N} (10... Nd7 11. Ba3 Re8
12. Bb3 {Shirov,A-Smejkal,J,BL 91/92} exd4 $1 13. Nxd4 Nf6 14. f3 Qc7 $10 {
Shirov}) 11. Bc2 (11. Qc2 Re8 $1 (11... Be6 12. f4 $36) 12. f3 Nd7 $10 {
/\Nb6,Be6}) 11... Rd8 (11... exd4 12. cxd4 Rd8 (12... c5 $2 13. Ba3) 13. Rb1
$14 {[+]}) (11... Nd7 12. a4 $14) (11... Be6 12. a4 Rd8 {-11...Rd8}) 12. a4 Be6
(12... exd4 13. cxd4 c5 14. Ba3 Nc6 15. Bxc5 Qc7 16. d5 $1 $8 Bxa1 17. Qxa1 Na5
18. Qc3 b6 19. Bd4 Qxc3 20. Nxc3 $44 {[+]}) 13. Ba3 Qe8 (13... Qc7 14. f4 (14.
Bb3 $5 $14 {Kramnik}) 14... exd4 15. cxd4 Bc4 16. e5 Bxe2 17. Qxe2 Rxd4 18. Bd6
$16 {->}) 14. Bd3 (14. f4 exd4 15. cxd4 Bg4 16. e5 Bxe2 17. Qxe2 Rxd4 18. Bb2
$13) 14... Nd7 15. a5 (15. Rb1 $6 Nb6 16. a5 Nc4 $15) (15. f4 exd4 16. Nxd4 $8
(16. cxd4 Bg4 $36) 16... c5 $5 (16... Nb6 17. a5 Nc4 18. f5 $1 $40) 17. Nxe6
Qxe6 18. Qc2 c4 $132) 15... Rac8 16. Rb1 (16. Qc2 $6 c5 $1 17. d5 c4 $15) (16.
Qd2 exd4 17. cxd4 c5 18. d5 Ne5 $13) 16... b5 17. axb6 axb6 18. Qd2 (18. Bd6 $6
{/\Ba6+-} b5 19. Qc2 (19. Qd2 Nb6 $1 20. dxe5 Bxe5 $1 21. Bxe5 Nc4 $17) 19...
Nb6 20. dxe5 Nc4 21. Bxc4 Bxc4 22. f4 f6 $15) (18. f4 $5 exd4 19. Nxd4 Nc5 $8
20. Bxc5 bxc5 21. Nxe6 Qxe6 22. Qe2 (22. Qc2 c4 23. Be2 Rb8 $132) 22... Bxc3
23. Bc4 $44) 18... b5 (18... f5 $6 19. exf5 gxf5 20. Ng3 e4 21. Be2 $36 {׻}) (
18... Ra8 $142 19. Bb2 b5 $13) 19. Qe3 Ra8 20. Bb4 Bf8 $1 21. Rfd1 $6 (21. Bxf8
Qxf8 $10 {/\} 22. f4 $2 exd4 23. cxd4 Ra3 $17 {/\Bc4,Nc5}) (21. Rfc1 Ra2 $13 {
<=>}) 21... exd4 22. cxd4 Ba2 $1 23. Rb2 c5 24. Be1 $5 (24. dxc5 $6 Ne5 25.
Rbd2 $8 (25. Nc1 Nc4 $19) 25... Nxd3 26. Rxd3 Rxd3 27. Qxd3 Bc4 28. Qe3 Ra4 29.
Rb1 Qe5 30. Bc3 (30. f4 Qc7 $1 $17 {/\Rb4-+} (30... Rxb4 $6 31. fxe5 Rxb1+ 32.
Kf2 Rb2 33. c6 $1 $8 Rxe2+ 34. Qxe2 Bc5+ $1 35. Kg3 $8 Bxe2 36. c7 Bf2+ 37. Kf4
$1 (37. Kh3 $2 h5 $3 38. c8=Q+ Kg7 $19) 37... Be3+ 38. Kg3 Bf2+ $10)) 30...
Qxc5 $17) (24. Bxc5 Nxc5 25. dxc5 Bc4 26. Rbd2 Ra3 $36) 24... Ra3 (24... c4 $6
25. Bc2 $8 (25. Nc1 $2 Ba3 $1 $17) 25... Ra3 26. Qf4 $36 {><b5,Ba2}) 25. Ra1 (
25. Qf4 $142 $13) 25... cxd4 (25... c4 26. Nc1 $8 (26. Rbxa2 Rxd3 $17) (26. Nc3
Bb3 $36) 26... cxd3 27. Rbxa2 d2 28. Qxd2 (28. Rxa3 $2 d1=Q $19) 28... Rxa2 29.
Nxa2 Qxe4 30. Nc3 $10) 26. Nxd4 Nc5 $6 $138 (26... Bc4 $1 27. Rxa3 Bxa3 $36)
27. Bxb5 $10 Rxe3 28. Bxe8 Rxe4 {[Stohl]} (28... Rxe1+ 29. Rxe1 Nd3 (29... Bc4
$5 30. Bxf7+ $8 Bxf7 31. Nf3 Nd3 32. Rd1 $10) 30. Rxa2 Nxe1 31. Ra1 Nd3 32. Rd1
$1 Rxd4 33. Bb5 $10) (28... Rxe4 29. Rbxa2 Rdxe8 30. Nf3 Nd3 31. Kf1 $10)
1/2-1/2